000 00690cam a2200217 i 4500
001 1743098
005 20250223190615.0
008 750226s1975 paua b 001 0 eng
020 _a0397520697
050 0 0 _aRL95
_b.L48 1975
082 0 0 _a616.5/07
100 1 _aLever, Walter F.
_q(Walter Frederick),
_d1909-
245 1 0 _aHistopathology of the skin /
_cWalter F. Lever, Gundula Schaumburg-Lever.
250 _a5th ed.
260 _aPhiladelphia :
_bJ. B. Lippincott,
_c[1975]
300 _axx, 793 p. :
_bill. ;
_c27 cm.
650 0 _aSkin
_xDiseases.
650 0 _aHistology, Pathological.
700 2 _aSchaumburg-Lever, Gundula,
_d1942-
_ejoint author.
942 _2lcc
_cBK
_e5th ed.
_n0
999 _c4231
_d4231